| 000 | 00566nam a2200205 4500 | ||
|---|---|---|---|
| 001 | 3087 | ||
| 005 | 20181127170444.0 | ||
| 010 | 0 | 0 | _a |
| 020 | 0 | 0 | _a0072364149 |
| 090 | 0 | 0 | _a658.3 M2174n 2000 |
| 100 | 0 | 0 | _aMaidment, Fred H. |
| 245 | 0 | 0 |
_aAnnual editions : _bHuman resources 00/01 / _cFred H. Maidment, editor. _h |
| 246 |
_aHuman resources. _b _f _h _i _n _p |
||
| 250 | 0 | 0 | _a10th ed. |
| 260 | 0 | 0 |
_aGuilford, CT: _bMcGraw-Hill, _c2000. |
| 300 | 0 | 0 | _ax, 229 p. |
| 650 |
_aPersonnel management. _v _x _y _z _2 |
||
| 650 | 0 | 0 |
_aHuman capital. _x |
| 650 | 0 | 0 |
_aManpower policy. _x |
| 999 |
_c2487 _d2487 |
||